[Event "Xtracon Open 2019"]
[Site "Helsingor"]
[Date "2019.07.21"]
[Round "3.7"]
[White "Thybo, Thomas Sondergaard"]
[Black "Keinanen, Toivo"]
[Result "0-1"]
[WhiteElo "2104"]
[BlackElo "2386"]
[Annotator "NA"]
[PlyCount "74"]
[EventDate "2019.07.19"]
[EventType "swiss"]
[EventCountry "DEN"]
[SourceTitle "playchess.com"]
[Source "ChessBase"]
[SourceQuality "1"]

1. e4 e6 2. d4 d5 3. exd5 exd5 4. Bd3 Nc6 5. c3 Bd6 6. Qf3 Be6 7. Bf4 Nge7 8. Ne2 Ng6 9. Bxd6 Qxd6 10. Nd2 O-O-O 11. Qg3 Qd7 12. Nb3 b6 13. Ba6+ Kb8 14. a4 Bf5 15. a5 Bc2 16. Nec1 f5 17. axb6 axb6 18. f4 Rhe8+ 19. Kd2 Bxb3 20. Nxb3 Qd6 21. Rhf1 Re4 22. Qd3 Nxf4 23. Qb5 Na7 24. Qa4 Qc6 25. Qa3 Nxg2 26. Bd3 Nc8 27. Bb5 Qb7 28. Rxf5 Nd6 29. Ba6 Qc6 30. Nc5 bxc5 31. Bf1 c4 32. Rg5 Nf4 33. Rxg7 Qb7 34. Rxh7 Rde8 35. Ra2 Re1 36. Qa5 Rxf1 37. Rxc7 Re2# 0-1

[Event "Xtracon Open 2019"]
[Site "Helsingor"]
[Date "2019.07.21"]
[Round "3.7"]
[White "Christensen, Jacob Foged"]
[Black "Liu, Casper"]
[Result "0-1"]
[WhiteElo "1937"]
[BlackElo "2194"]
[Annotator "NA"]
[PlyCount "108"]
[EventDate "2019.07.19"]
[EventType "swiss"]
[EventCountry "DEN"]
[SourceTitle "playchess.com"]
[Source "ChessBase"]
[SourceQuality "1"]

1. d4 Nf6 2. Nf3 e6 3. Bf4 d5 4. e3 Bd6 5. Bg3 O-O 6. Nbd2 c5 7. c3 b6 8. Bd3 Bb7 9. Bxd6 Qxd6 10. Ne5 Ne4 11. f4 cxd4 12. cxd4 Qb4 13. Bxe4 dxe4 14. Qb3 Na6 15. a3 Qxb3 16. Nxb3 Bd5 17. Nd2 Rfc8 18. b3 Rc3 19. Ke2 f6 20. Ng4 Bxb3 21. Nxb3 Rxb3 22. Rhc1 Kf8 23. Ra2 Ke7 24. Nf2 f5 25. Nd1 Kd7 26. Nb2 b5 27. Nd1 Rc8 28. Rxc8 Kxc8 29. Rc2+ Kb7 30. Rc3 Rxc3 31. Nxc3 Kb6 32. Kd2 Nc7 33. h3 Nd5 34. Nd1 Ka5 35. Kc2 Ka4 36. Kb2 a5 37. Ka2 b4 38. Nb2+ Kb5 39. a4+ Ka6 40. Nc4 Nb6 41. Nb2 Kb7 42. Kb3 Kc6 43. Nd1 Kd5 44. Nb2 h6 45. g3 h5 46. h4 g6 47. Nd1 Nc4 48. Kc2 Nxe3+ 49. Nxe3+ Kxd4 50. Kd2 b3 51. Nd1 Kc4 52. Nb2+ Kb4 53. Kc1 e3 54. Kd1 Kc3 0-1

[Event "Xtracon Open 2019"]
[Site "Helsingor"]
[Date "2019.07.21"]
[Round "3.7"]
[White "Jannik, Morten Emil"]
[Black "Lodahl, Holger Ronnow"]
[Result "0-1"]
[WhiteElo "1561"]
[BlackElo "1859"]
[Annotator "NA"]
[PlyCount "110"]
[EventDate "2019.07.19"]
[EventType "swiss"]
[EventCountry "DEN"]
[SourceTitle "playchess.com"]
[Source "ChessBase"]
[SourceQuality "1"]

1. e4 c5 2. d4 cxd4 3. c3 dxc3 4. Nxc3 Nc6 5. Nf3 a6 6. Bc4 e6 7. O-O Nge7 8. Qe2 Ng6 9. Rd1 Be7 10. Be3 Qa5 11. a3 O-O 12. b4 Qh5 13. Rac1 b5 14. Bd3 Bb7 15. Qd2 Nge5 16. Be2 Bc8 17. Ng5 Qg6 18. f4 h6 19. Nf3 Nxf3+ 20. Bxf3 f6 21. Ne2 Qe8 22. Ng3 a5 23. Bc5 axb4 24. axb4 Ra4 25. Rb1 Bxc5+ 26. bxc5 Rd4 27. Qe3 Rxd1+ 28. Bxd1 Ba6 29. Bb3 Kh8 30. Bd1 Qe7 31. Be2 Rb8 32. Qa3 Bc8 33. Rxb5 Rxb5 34. Bxb5 Nd4 35. Bf1 Bb7 36. Qb4 e5 37. Nf5 Nxf5 38. exf5 Bc6 39. Bc4 Qe8 40. fxe5 Qxe5 41. Bf1 Qe3+ 42. Kh1 Qf2 43. Qc4 Qxf5 44. h3 Qf2 45. Kh2 Qe3 46. Qa6 Qf4+ 47. Kh1 Qg3 48. Qc4 Qxh3+ 49. Kg1 Qe3+ 50. Kh1 Qe6 51. Qb4 Qe4 52. Qd2 Qb1 53. Qf2 Bb5 54. Kg1 Qxf1+ 55. Qxf1 Bxf1 0-1

[Event "Xtracon Open 2019"]
[Site "Helsingor"]
[Date "2019.07.21"]
[Round "3.8"]
[White "Jepson, Christian"]
[Black "Bronnum, Jan"]
[Result "1-0"]
[WhiteElo "2391"]
[BlackElo "2046"]
[Annotator "TA"]
[PlyCount "113"]
[EventDate "2019.07.19"]
[EventType "swiss"]
[EventCountry "DEN"]
[SourceTitle "playchess.com"]
[Source "ChessBase"]
[SourceQuality "1"]

1. d4 Nf6 2. c4 e6 3. Nc3 Bb4 4. e3 O-O 5. Bd3 d5 6. Nf3 Re8 7. O-O b6 8. a3 Bxc3 9. bxc3 Bb7 10. Bb2 Nbd7 11. cxd5 exd5 12. a4 c5 13. Re1 c4 14. Bf1 Ne4 15. g3 Qf6 16. Bg2 Qh6 17. Nh4 g5 18. Nf5 Qg6 19. g4 Nd6 20. Ng3 Nf6 21. f3 h5 22. Ba3 Rad8 23. h3 hxg4 24. hxg4 Bc8 25. Kf2 Kg7 26. Qb1 Qxb1 27. Raxb1 Kg6 28. Ke2 Nb7 29. Bb4 Bd7 30. Rh1 Rh8 31. Ra1 Rde8 32. e4 Rxh1 33. Rxh1 dxe4 34. fxe4 Nxg4 35. e5 Nd8 36. Bd5 Bc6 37. Be4+ Bxe4 38. Nxe4 f6 39. Kf3 f5 40. Nd6 Rg8 41. Nxc4 Ne6 42. Nd6 Nh6 43. d5 g4+ 44. Ke3 f4+ 45. Ke4 Ng5+ 46. Kxf4 Rf8+ 47. Ke3 Rf3+ 48. Ke2 a5 49. e6 Ng8 50. Ba3 Rxc3 51. Nb5 Rc4 52. Kd3 Re4 53. Bc1 Re5 54. Nc7 Ne7 55. Bxg5 Kxg5 56. d6 Nc6 57. Rc1 1-0

[Event "Xtracon Open 2019"]
[Site "Helsingor"]
[Date "2019.07.21"]
[Round "3.8"]
[White "Vestby-Ellingsen, Mads"]
[Black "Karthikeyan, Murali"]
[Result "*"]
[WhiteElo "2335"]
[BlackElo "2613"]
[Annotator "TA"]
[PlyCount "41"]
[EventDate "2019.07.19"]
[EventType "swiss"]
[EventCountry "DEN"]
[SourceTitle "playchess.com"]
[Source "ChessBase"]
[SourceQuality "1"]

1. Nf3 Nf6 2. g3 g6 3. Bg2 Bg7 4. O-O c5 5. c4 Nc6 6. d4 cxd4 7. Nxd4 h5 8. Nc3 h4 9. e3 hxg3 10. hxg3 d6 11. Nxc6 bxc6 12. Bxc6+ Bd7 13. Bxa8 Qxa8 14. Nd5 Qc8 15. e4 Nxd5 16. exd5 Qxc4 17. Re1 Be5 18. Qf3 Bg4 19. Qg2 Qd3 20. Be3 g5 21. f3 *

[Event "Xtracon Open 2019"]
[Site "Helsingor"]
[Date "2019.07.21"]
[Round "3.8"]
[White "Ernst, Michael"]
[Black "Voll, Oddvar U"]
[Result "1-0"]
[WhiteElo "2190"]
[BlackElo "1927"]
[Annotator "NA"]
[PlyCount "79"]
[EventDate "2019.07.19"]
[EventType "swiss"]
[EventCountry "DEN"]
[SourceTitle "playchess.com"]
[Source "ChessBase"]
[SourceQuality "1"]

1. d4 d6 2. e4 Nf6 3. Bd3 Nbd7 4. Nf3 e5 5. c3 Be7 6. Nbd2 c6 7. dxe5 dxe5 8. Qc2 Qc7 9. O-O Nf8 10. Re1 Bg4 11. Bf1 h6 12. h3 Be6 13. Nc4 N6d7 14. a4 g5 15. Ne3 Ng6 16. Nf5 Bf6 17. b3 Ne7 18. Ba3 Bxf5 19. exf5 h5 20. Rad1 c5 21. Bb5 Nc6 22. Qe4 a6 23. Bc4 Be7 24. Bd5 f6 25. Nd2 Rc8 26. Be6 Nd8 27. Bc4 Kf8 28. Nf1 Nb6 29. Be2 Nf7 30. Ne3 Nd6 31. Qc2 Kg7 32. a5 Nd7 33. Nd5 Qd8 34. Nxe7 Qxe7 35. Qd3 Rc6 36. Bf3 e4 37. Bxe4 Nxe4 38. Qxd7 Rc7 39. Qxe7+ Rxe7 40. f3 1-0

[Event "Xtracon Open 2019"]
[Site "Helsingor"]
[Date "2019.07.21"]
[Round "3.8"]
[White "AIM Tolgay Pekin"]
[Black "Nasshan, Dennis"]
[Result "0-1"]
[WhiteElo "2070"]
[BlackElo "2314"]
[Annotator "TA"]
[PlyCount "50"]
[EventDate "2019.07.19"]
[EventType "swiss"]
[EventCountry "DEN"]
[SourceTitle "playchess.com"]
[Source "ChessBase"]
[SourceQuality "1"]

1. e4 c6 2. d4 d5 3. e5 Bf5 4. Nf3 e6 5. Be2 Ne7 6. O-O c5 7. c4 Nbc6 8. Nc3 dxc4 9. Bxc4 Nxd4 10. Nxd4 cxd4 11. Bg5 Qb6 12. Bxe7 Bxe7 13. Qa4+ Kf8 14. Nb5 a6 15. Rfd1 Rd8 16. Nd6 Bxd6 17. exd6 Qxd6 18. Bd3 Bxd3 19. Rxd3 g6 20. Rad1 e5 21. f4 f6 22. fxe5 fxe5 23. Re1 Kg7 24. Qa5 Rhe8 25. Re4 Rc8 0-1

[Event "Xtracon Open 2019"]
[Site "Helsingor"]
[Date "2019.07.21"]
[Round "3.9"]
[White "Vocaturo, Daniele"]
[Black "Kucuksari, Kaan"]
[Result "1-0"]
[WhiteElo "2612"]
[BlackElo "2310"]
[Annotator "ChessBase"]
[PlyCount "55"]
[EventDate "2019.07.19"]
[EventType "swiss"]
[EventCountry "DEN"]
[SourceTitle "playchess.com"]
[Source "ChessBase"]
[SourceQuality "1"]

1. e4 c6 2. d4 d5 3. exd5 cxd5 4. Bd3 Nc6 5. c3 e5 6. dxe5 Nxe5 7. Bf4 Nxd3+ 8. Qxd3 Nf6 9. Nf3 Qe7+ 10. Be3 Ng4 11. O-O Nxe3 12. Re1 Bf5 13. Qb5+ Qd7 14. Rxe3+ Be4 15. Qa5 b6 16. Qa6 Bc5 17. Nd4 O-O 18. Nd2 Qg4 19. Qf1 Bg6 20. N2f3 Rfe8 21. Ne5 Qf4 22. Rae1 Red8 23. Nec6 Rd7 24. g3 Qc7 25. Re8+ Rxe8 26. Rxe8+ Bf8 27. Qa6 Qd6 28. Qc8 1-0

[Event "Xtracon Open 2019"]
[Site "Helsingor"]
[Date "2019.07.21"]
[Round "3.9"]
[White "Welling, Gerard"]
[Black "Larsen, Ulrik"]
[Result "1-0"]
[WhiteElo "2310"]
[BlackElo "2039"]
[Annotator "NA"]
[PlyCount "47"]
[EventDate "2019.07.19"]
[EventType "swiss"]
[EventCountry "DEN"]
[SourceTitle "playchess.com"]
[Source "ChessBase"]
[SourceQuality "1"]

1. e4 d6 2. Nc3 Nf6 3. f4 g6 4. Nf3 Bg7 5. Bc4 O-O 6. d3 c6 7. Bb3 Na6 8. a3 Nc5 9. Ba2 Be6 10. Bxe6 Nxe6 11. O-O Qb6+ 12. Kh1 Qa5 13. Bd2 Qc7 14. f5 Nc5 15. Qe1 d5 16. e5 Ng4 17. d4 Nd7 18. h3 Nh6 19. Bxh6 Bxh6 20. Qh4 Bg7 21. fxg6 fxg6 22. Ng5 Rxf1+ 23. Rxf1 Nf8 24. Rxf8+ 1-0

[Event "Xtracon Open 2019"]
[Site "Helsingor"]
[Date "2019.07.21"]
[Round "3.9"]
[White "Steenstrup, Svend"]
[Black "Hartung-Nielsen, Jens"]
[Result "0-1"]
[WhiteElo "1924"]
[BlackElo "2184"]
[Annotator "NA"]
[PlyCount "74"]
[EventDate "2019.07.19"]
[EventType "swiss"]
[EventCountry "DEN"]
[SourceTitle "playchess.com"]
[Source "ChessBase"]
[SourceQuality "1"]

1. d4 Nf6 2. c4 e6 3. Nc3 Bb4 4. f3 d5 5. cxd5 exd5 6. Bd2 O-O 7. Qc2 Nc6 8. e3 Re8 9. O-O-O Bf8 10. g4 Nb4 11. Qb3 c6 12. a3 Na6 13. Bd3 b5 14. Na2 Rb8 15. g5 Nh5 16. Qc2 g6 17. Qxc6 Re6 18. Qc2 b4 19. axb4 Nxb4 20. Nxb4 Bxb4 21. Ne2 Qa5 22. Kb1 Bd7 23. b3 Bxd2 24. Rxd2 Rxb3+ 25. Qxb3 Qxd2 26. Rd1 Qa5 27. Qa2 Qxa2+ 28. Kxa2 Rxe3 29. f4 Bg4 30. Rd2 Rxd3 31. Rxd3 Bxe2 32. Ra3 a6 33. f5 gxf5 34. Kb2 Bc4 35. Rf3 f4 36. Rh3 Kg7 37. Rxh5 f3 0-1

[Event "Xtracon Open 2019"]
[Site "Helsingor"]
[Date "2019.07.21"]
[Round "3.10"]
[White "Storme, Isak"]
[Black "Andersen, Mads"]
[Result "*"]
[WhiteElo "2330"]
[BlackElo "2605"]
[Annotator "TA"]
[PlyCount "49"]
[EventDate "2019.07.19"]
[EventType "swiss"]
[EventCountry "DEN"]
[SourceTitle "playchess.com"]
[Source "ChessBase"]
[SourceQuality "1"]

1. e4 c5 2. Nf3 d6 3. d4 cxd4 4. Nxd4 Nf6 5. Nc3 a6 6. Qe2 b5 7. Bg5 e6 8. O-O-O b4 9. Nd5 exd5 10. exd5+ Be7 11. Bxf6 gxf6 12. Qh5 Ra7 13. Bd3 Qa5 14. Kb1 Rf8 15. Rhe1 Kd8 16. Re3 Rc7 17. Rde1 Bb7 18. Qh6 Re8 19. Nf5 Bxd5 20. Nxe7 Bxa2+ 21. Kc1 Be6 22. Nf5 Qa1+ 23. Kd2 Qxb2 24. Nxd6 b3 25. Rd1 *

[Event "Xtracon Open 2019"]
[Site "Helsingor"]
[Date "2019.07.21"]
[Round "3.10"]
[White "Larsen, Karsten"]
[Black "Mardell, Jonas"]
[Result "1-0"]
[WhiteElo "2254"]
[BlackElo "2024"]
[Annotator "TA"]
[PlyCount "222"]
[EventDate "2019.07.19"]
[EventType "swiss"]
[EventCountry "DEN"]
[SourceTitle "playchess.com"]
[Source "ChessBase"]
[SourceQuality "1"]

1. e4 c5 2. Nf3 d6 3. Bb5+ Nd7 4. c3 Ngf6 5. Qe2 a6 6. Ba4 b5 7. Bc2 Bb7 8. d3 e6 9. O-O Be7 10. Re1 O-O 11. Nbd2 Qc7 12. Nf1 Rfc8 13. Ng3 Bf8 14. Bd2 Bc6 15. h3 a5 16. Nh2 g6 17. Bg5 Bg7 18. Rad1 e5 19. Ng4 Nxg4 20. Qxg4 d5 21. Qh4 d4 22. cxd4 cxd4 23. Rd2 Qd6 24. Bd1 Nc5 25. Be7 g5 26. Qxg5 Qh6 27. Nf5 Qxg5 28. Bxg5 Rc7 29. Bg4 f6 30. Bh6 Bxh6 31. Nxh6+ Kf8 32. Rc1 Na6 33. a3 Be8 34. Rxc7 Nxc7 35. Rc2 Na6 36. Be6 Ra7 37. Kf1 Rc7 38. Rxc7 Nxc7 39. Bc8 Bc6 40. Ke2 Ke7 41. Kd2 Bd7 42. Bxd7 Kxd7 43. Nf5 Ne6 44. g3 Nc5 45. Nh4 b4 46. axb4 axb4 47. Nf3 Ke6 48. Nh4 b3 49. Nf3 Na4 50. Ke2 Nc3+ 51. Kd2 Na4 52. Ke2 Nc3+ 53. Ke1 Na4 54. Nd2 Nxb2 55. Ke2 f5 56. exf5+ Kxf5 57. Nxb3 Na4 58. Nd2 Nc5 59. Nc4 Ke6 60. Nd2 Kf5 61. f3 Ne6 62. Ne4 Nc7 63. Nd6+ Ke6 64. Ne4 Kf5 65. Kf2 Nd5 66. Ke2 Kg6 67. Nd6 Kf6 68. h4 Kg6 69. Ne4 h5 70. Kd2 Ne3 71. Kc1 Ng2 72. Kd2 Ne3 73. Ke2 Nf5 74. Kf2 Ne3 75. Ke2 Nf5 76. Kf2 Ne3 77. Nd2 Kf6 78. Ke2 Nf5 79. Kf2 Ne3 80. Nc4 Nf5 81. Kg2 Ke6 82. Kh3 Kd5 83. Nd2 Ne3 84. g4 Nd1 85. gxh5 Nf2+ 86. Kg3 Nxd3 87. h6 Nf4 88. Kg4 Ke6 89. Kg5 Kf7 90. Kf5 Kg8 91. Kxe5 Ng6+ 92. Kf6 Nxh4 93. Kg5 Ng2 94. f4 Ne3 95. f5 Nd5 96. f6 Nc7 97. Kg6 Ne6 98. f7+ Kh8 99. Kf6 Nf8 100. Nf3 Kh7 101. Nxd4 Kxh6 102. Nf5+ Kh7 103. Nh4 Kh6 104. Ke7 Nh7 105. Nf3 Kg6 106. Ne5+ Kg7 107. Nd7 Kh8 108. Nf6 Nf8 109. Ke8 Ng6 110. Nd5 Kg7 111. Nf4 Nxf4 1-0

[Event "Xtracon Open 2019"]
[Site "Helsingor"]
[Date "2019.07.21"]
[Round "3.10"]
[White "Solberg, Joachim"]
[Black "AIM Joerg Mehringer"]
[Result "1-0"]
[WhiteElo "2181"]
[BlackElo "1923"]
[Annotator "NA"]
[PlyCount "47"]
[EventDate "2019.07.19"]
[EventType "swiss"]
[EventCountry "DEN"]
[SourceTitle "playchess.com"]
[Source "ChessBase"]
[SourceQuality "1"]

1. e4 e5 2. Nf3 Nc6 3. Bc4 Nf6 4. d3 Bc5 5. c3 d6 6. Bb3 Bg4 7. O-O Qd7 8. Be3 Bb6 9. Nbd2 O-O 10. Re1 Ne7 11. h3 Be6 12. Bc2 h6 13. Nf1 Ng6 14. d4 exd4 15. Nxd4 Qe7 16. Nf5 Qd7 17. N1g3 Rad8 18. Bd4 Bxd4 19. Qxd4 a6 20. Nxg7 Ne5 21. N7f5 Kh7 22. Qd2 Ng8 23. f4 Bxf5 24. exf5 1-0

[Event "Xtracon Open 2019"]
[Site "Helsingor"]
[Date "2019.07.21"]
[Round "3.11"]
[White "Postny, Evgeny"]
[Black "Buchenau, Frank"]
[Result "1-0"]
[WhiteElo "2601"]
[BlackElo "2294"]
[Annotator "ChessBase"]
[PlyCount "59"]
[EventDate "2019.07.19"]
[EventType "swiss"]
[EventCountry "DEN"]
[SourceTitle "playchess.com"]
[Source "ChessBase"]
[SourceQuality "1"]

1. d4 e6 2. c4 Nf6 3. g3 d5 4. Bg2 Bb4+ 5. Nd2 O-O 6. Ngf3 c6 7. O-O Nbd7 8. Qc2 Qe7 9. e4 dxe4 10. Nxe4 Nxe4 11. Qxe4 Bd6 12. Bf4 Bxf4 13. Qxf4 c5 14. Rad1 cxd4 15. Qxd4 e5 16. Qd6 Re8 17. Qc7 Nf8 18. Qxe7 Rxe7 19. Rd8 g6 20. Re1 f6 21. Bh3 Rc7 22. Be6+ Kg7 23. Bd5 Rd7 24. Re8 g5 25. h4 g4 26. Nd2 Ng6 27. Ne4 Ne7 28. Be6 Rc7 29. Nd6 a6 30. Bxg4 1-0

[Event "Xtracon Open 2019"]
[Site "Helsingor"]
[Date "2019.07.21"]
[Round "3.11"]
[White "Jorgensen, Brian Jorgen"]
[Black "Johnsen, Oystein"]
[Result "1/2-1/2"]
[WhiteElo "2251"]
[BlackElo "1994"]
[Annotator "NA"]
[PlyCount "87"]
[EventDate "2019.07.19"]
[EventType "swiss"]
[EventCountry "DEN"]
[SourceTitle "playchess.com"]
[Source "ChessBase"]
[SourceQuality "1"]

1. c4 Nf6 2. Nc3 c6 3. Nf3 d5 4. e3 e6 5. Qc2 a6 6. b3 Be7 7. Bb2 Nbd7 8. Be2 O-O 9. Rg1 b5 10. g4 b4 11. Nb1 Ne4 12. d3 Ng5 13. Nbd2 Nxf3+ 14. Nxf3 Bf6 15. d4 g6 16. g5 Bg7 17. Ne5 Bxe5 18. dxe5 a5 19. a4 Ba6 20. h4 dxc4 21. bxc4 c5 22. h5 Ra7 23. Qe4 Bb7 24. Qf4 Qe8 25. f3 Bc6 26. Rh1 Nb6 27. Bd1 Qe7 28. Bc2 Rd7 29. Qh4 Bxf3 30. Rh3 Bxh5 31. Bd1 Rxd1+ 32. Rxd1 Rd8 33. Ra1 Rd3 34. Qe4 Qd8 35. Rh2 Nxc4 36. Qxc4 Rd1+ 37. Rxd1 Qxd1+ 38. Kf2 Qf3+ 39. Kg1 Qxe3+ 40. Rf2 Qg3+ 41. Kf1 Qh3+ 42. Ke1 Qe3+ 43. Kf1 Qh3+ 44. Ke1 1/2-1/2

[Event "Xtracon Open 2019"]
[Site "Helsingor"]
[Date "2019.07.21"]
[Round "3.11"]
[White "Kunz, Andre"]
[Black "Arndt, Uwe"]
[Result "0-1"]
[WhiteElo "2163"]
[BlackElo "1922"]
[Annotator "NA"]
[PlyCount "74"]
[EventDate "2019.07.19"]
[EventType "swiss"]
[EventCountry "DEN"]
[SourceTitle "playchess.com"]
[Source "ChessBase"]
[SourceQuality "1"]

1. e4 c6 2. d4 d5 3. Nd2 dxe4 4. Nxe4 Nd7 5. Ng5 Ngf6 6. Bd3 e6 7. N1f3 Bd6 8. Qe2 h6 9. Ne4 Nxe4 10. Qxe4 Qc7 11. Bd2 b6 12. O-O-O Bb7 13. Rhe1 O-O-O 14. Ne5 Nf6 15. Qe2 Kb8 16. c4 c5 17. Bf4 cxd4 18. Bc2 Qc5 19. b4 Qxb4 20. Rxd4 Nd5 21. Bd2 Qa3+ 22. Kb1 Nb4 23. Bb3 Nc6 24. Nxc6+ Bxc6 25. Rd1 Bc7 26. Bf4 Qe7 27. Qg4 f5 28. Bxc7+ Kxc7 29. Qg3+ e5 30. Rxd8 Rxd8 31. Re1 Be4+ 32. Kb2 Rd2+ 33. Kc1 Rd3 34. f3 Qa3+ 35. Kc2 Rxb3+ 36. Rxe4 Qxa2+ 37. Kc1 Rb1# 0-1

[Event "Xtracon Open 2019"]
[Site "Helsingor"]
[Date "2019.07.21"]
[Round "3.12"]
[White "Nilsson, Eskil"]
[Black "Matthiesen, Martin"]
[Result "1-0"]
[WhiteElo "2053"]
[BlackElo "2239"]
[Annotator "NA"]
[PlyCount "83"]
[EventDate "2019.07.19"]
[EventType "swiss"]
[EventCountry "DEN"]
[SourceTitle "playchess.com"]
[Source "ChessBase"]
[SourceQuality "1"]

1. e4 c5 2. Nf3 Nc6 3. Bb5 g6 4. O-O Bg7 5. Re1 Nf6 6. e5 Nd5 7. Nc3 Nc7 8. Bxc6 dxc6 9. Ne4 b6 10. h3 O-O 11. d3 Ne6 12. a4 a5 13. Neg5 h6 14. Nxe6 Bxe6 15. b3 Qc7 16. Bb2 Rad8 17. Qe2 Rde8 18. Nd2 g5 19. Qe3 f6 20. Nc4 h5 21. Re2 Bh6 22. exf6 exf6 23. Qe4 Bf7 24. Qf3 Rxe2 25. Qxe2 Bg7 26. Qd2 Re8 27. Re1 Rxe1+ 28. Qxe1 Kh7 29. Qe3 Kg6 30. Nd2 Qd7 31. Ne4 Qe7 32. g4 hxg4 33. hxg4 Bd5 34. Qh3 Kf7 35. Qh5+ Kf8 36. Qh7 b5 37. c4 Be6 38. f3 bxa4 39. bxa4 Qb7 40. Nxc5 Qxb2 41. Nxe6+ Kf7 42. Nxg7 1-0

[Event "Xtracon Open 2019"]
[Site "Helsingor"]
[Date "2019.07.21"]
[Round "3.12"]
[White "Rygg, Andreas Gangstad"]
[Black "Van den Bersselaar, Jeroen"]
[Result "1/2-1/2"]
[WhiteElo "1923"]
[BlackElo "2161"]
[Annotator "NA"]
[PlyCount "86"]
[EventDate "2019.07.19"]
[EventType "swiss"]
[EventCountry "DEN"]
[SourceTitle "playchess.com"]
[Source "ChessBase"]
[SourceQuality "1"]

1. e4 c6 2. d4 d5 3. Nc3 dxe4 4. Nxe4 Nf6 5. Nxf6+ exf6 6. c3 Bd6 7. Bd3 O-O 8. Ne2 Re8 9. O-O Nd7 10. Bf4 Nf8 11. Bxd6 Qxd6 12. Ng3 Be6 13. Qd2 Rad8 14. Rfe1 Ng6 15. Ne4 Qd5 16. Nc5 Nh4 17. f3 Qxf3 18. gxf3 Nxf3+ 19. Kf2 Nxd2 20. Nxe6 fxe6 21. Ke3 c5 22. Kxd2 cxd4 23. Rac1 e5 24. cxd4 Rxd4 25. Re4 Rd6 26. Ke3 Red8 27. Be2 Kf7 28. Rc7+ R8d7 29. Rec4 Ke6 30. Bf3 Rd3+ 31. Kf2 Rd2+ 32. Kg3 f5 33. Rxb7 Rxb7 34. Bxb7 Rxb2 35. Bc8+ Kd5 36. Rc7 f4+ 37. Kf3 Rxa2 38. Rd7+ Kc5 39. Rxg7 Ra3+ 40. Kg4 h5+ 41. Kxh5 Kd4 42. Kg4 Ra2 43. Kf3 Rxh2 1/2-1/2

[Event "Xtracon Open 2019"]
[Site "Helsingor"]
[Date "2019.07.21"]
[Round "3.13"]
[White "Christensen, Lasse"]
[Black "Rosell, Sven"]
[Result "1/2-1/2"]
[WhiteElo "2158"]
[BlackElo "1913"]
[Annotator "NA"]
[PlyCount "39"]
[EventDate "2019.07.19"]
[EventType "swiss"]
[EventCountry "DEN"]
[SourceTitle "playchess.com"]
[Source "ChessBase"]
[SourceQuality "1"]

1. d4 Nf6 2. c4 g6 3. Nc3 Bg7 4. e4 d6 5. Nf3 O-O 6. Be2 e5 7. O-O Nc6 8. d5 Ne7 9. Ne1 Nd7 10. f3 f5 11. g4 Kh8 12. Be3 Ng8 13. Qd2 a5 14. Nd3 b6 15. b3 Nc5 16. Nxc5 bxc5 17. Kh1 Bd7 18. Rg1 f4 19. Bf2 Bf6 20. a3 1/2-1/2

[Event "Xtracon Open 2019"]
[Site "Helsingor"]
[Date "2019.07.21"]
[Round "3.13"]
[White "Holinka, Henning"]
[Black "Rossen, Claus"]
[Result "1/2-1/2"]
[WhiteElo "2021"]
[BlackElo "2217"]
[Annotator "ChessBase"]
[PlyCount "133"]
[EventDate "2019.07.19"]
[EventType "swiss"]
[EventCountry "DEN"]
[SourceTitle "playchess.com"]
[Source "ChessBase"]
[SourceQuality "1"]

1. e4 d6 2. d4 Nf6 3. Bd3 g6 4. f4 Bg7 5. Nf3 O-O 6. O-O Na6 7. c3 c5 8. Nbd2 Bd7 9. Re1 cxd4 10. cxd4 Nb4 11. Bb1 Bb5 12. Nf1 Qb6 13. h3 Qa6 14. Re3 Bxf1 15. Qxf1 Qxf1+ 16. Kxf1 Rac8 17. Bd2 Nc6 18. g4 Nd7 19. Bc3 b5 20. a3 Nb6 21. b3 a5 22. Bb2 a4 23. Bd3 Na5 24. Nd2 axb3 25. Bxb5 Rc2 26. Bc3 Rxc3 27. Rxc3 Bxd4 28. Rac1 b2 29. R1c2 Bxc3 30. Rxc3 Rc8 31. Rxc8+ Nxc8 32. Ke1 Nb6 33. Kd1 Nb3 34. Bd3 Nd4 35. Nb1 d5 36. Kd2 dxe4 37. Bxe4 Ne6 38. f5 gxf5 39. Bxf5 Ng5 40. Kc3 e6 41. Bc2 Nxh3 42. a4 Nxa4+ 43. Bxa4 Nf2 44. Kxb2 Nxg4 45. Kc3 Kg7 46. Kd3 Kg6 47. Be8 Kg5 48. Ke2 f5 49. Nd2 e5 50. Nf3+ Kf6 51. Nh4 e4 52. Bd7 Nh6 53. Ng2 Ke5 54. Ne3 Kf4 55. Kf2 Kg5 56. Be6 f4 57. Nd5 Ng4+ 58. Bxg4 Kxg4 59. Nf6+ Kf5 60. Nxh7 Ke5 61. Ng5 e3+ 62. Kf3 Kd4 63. Ne6+ Kc3 64. Nxf4 Kd2 65. Ke4 e2 66. Nxe2 Kxe2 67. Ke5 1/2-1/2

[Event "Xtracon Open 2019"]
[Site "Helsingor"]
[Date "2019.07.21"]
[Round "3.14"]
[White "Saltvedt, Martin"]
[Black "Eriksson, Jorgen"]
[Result "1/2-1/2"]
[WhiteElo "1984"]
[BlackElo "2211"]
[Annotator "NA"]
[PlyCount "45"]
[EventDate "2019.07.19"]
[EventType "swiss"]
[EventCountry "DEN"]
[SourceTitle "playchess.com"]
[Source "ChessBase"]
[SourceQuality "1"]

1. d4 Nf6 2. Nf3 e6 3. Bf4 b6 4. e3 Bb7 5. Nbd2 Be7 6. Bd3 Nh5 7. Bg3 d6 8. Qe2 Nd7 9. c3 g6 10. Nc4 O-O 11. O-O-O Bf6 12. e4 Qe7 13. Rhe1 a5 14. e5 Nxg3 15. hxg3 dxe5 16. Ncxe5 Nxe5 17. Nxe5 Bxe5 18. dxe5 Qg5+ 19. Kc2 Rfd8 20. Be4 Rxd1 21. Qxd1 Rd8 22. Qc1 Bxe4+ 23. Rxe4 1/2-1/2

[Event "Xtracon Open 2019"]
[Site "Helsingor"]
[Date "2019.07.21"]
[Round "3.14"]
[White "Sebastian, Andreas"]
[Black "Petersen, Peter Birk"]
[Result "0-1"]
[WhiteElo "1911"]
[BlackElo "2158"]
[Annotator "NA"]
[PlyCount "76"]
[EventDate "2019.07.19"]
[EventType "swiss"]
[EventCountry "DEN"]
[SourceTitle "playchess.com"]
[Source "ChessBase"]
[SourceQuality "1"]

1. d4 Nf6 2. Nf3 e6 3. Bg5 Be7 4. e3 c5 5. c3 b6 6. Bd3 Bb7 7. Nbd2 Nc6 8. O-O O-O 9. a4 d6 10. Qb1 h6 11. Bxf6 Bxf6 12. b4 Rb8 13. Rd1 cxb4 14. cxb4 a5 15. b5 Nb4 16. Be4 Qd7 17. Qb3 Rfc8 18. Rac1 Bxe4 19. Nxe4 Be7 20. Ne1 d5 21. Nd2 Rc7 22. Nd3 Nxd3 23. Qxd3 Rbc8 24. Rxc7 Rxc7 25. Nb3 Qc8 26. Qb1 Rc3 27. Rc1 Ba3 28. Rxc3 Qxc3 29. Qd1 Qc4 30. Na1 Bb2 31. Nb3 Qxa4 32. Qc2 Qb4 33. g3 a4 34. Qc8+ Kh7 35. Qc2+ Kg8 36. Qc8+ Qf8 37. Qc2 axb3 38. Qxb2 Qb4 0-1

[Event "Xtracon Open 2019"]
[Site "Helsingor"]
[Date "2019.07.21"]
[Round "3.15"]
[White "Nilssen, Ellen Fredericia"]
[Black "Skovgaard, Ib"]
[Result "1-0"]
[WhiteElo "2155"]
[BlackElo "1911"]
[Annotator "NA"]
[PlyCount "115"]
[EventDate "2019.07.19"]
[EventType "swiss"]
[EventCountry "DEN"]
[SourceTitle "playchess.com"]
[Source "ChessBase"]
[SourceQuality "1"]

1. d4 d5 2. c4 c6 3. Nc3 Nf6 4. Nf3 e6 5. cxd5 cxd5 6. Bg5 Be7 7. e3 h6 8. Bh4 Qa5 9. Nd2 Bd7 10. Bd3 Nc6 11. O-O O-O 12. f4 Ne8 13. Bxe7 Nxe7 14. g4 Nd6 15. Kh1 Nc4 16. Bxc4 dxc4 17. Nxc4 Qc7 18. Ne5 b5 19. Rc1 Bc8 20. Kg1 Qb6 21. Qb3 f6 22. Nd3 Nd5 23. Nxd5 exd5 24. f5 Kh7 25. Qxd5 Bb7 26. Qc5 Qa5 27. Qc7 Qd2 28. Qxb7 Qxd3 29. Rc3 Qe2 30. Qg2 Qxg2+ 31. Kxg2 Rfe8 32. Kf3 Re7 33. Rd1 Rae8 34. Rdd3 h5 35. h3 hxg4+ 36. hxg4 Kh6 37. Rc1 Kg5 38. Rh1 g6 39. fxg6 Kxg6 40. Rh5 a6 41. d5 Re4 42. b3 R4e7 43. d6 Rd7 44. Rc5 Re6 45. Rc6 a5 46. Rd5 b4 47. Ke2 Re4 48. Kf3 Re6 49. e4 Kh6 50. Ke3 Kg6 51. Rxa5 Rexd6 52. Rxd6 Rxd6 53. e5 Re6 54. Kd4 fxe5+ 55. Rxe5 Ra6 56. g5 Rxa2 57. Kc4 Rg2 58. Kxb4 1-0